[Event "Schleswig Holstein-ch U18 VM"]
[Site "Neumuenster"]
[Date "2008.03.30"]
[Round "9"]
[White "Wilms, Yannick Noel"]
[Black "Jacobsen, Henrik"]
[Result "1/2-1/2"]
[WhiteElo "1630"]
[BlackElo "1710"]
[PlyCount "35"]
[EventDate "2008.03.24"]
[EventType "swiss"]
[EventRounds "9"]
[EventCountry "GER"]
[SourceTitle "EXT 2009"]
[Source "ChessBase"]
[SourceDate "2008.11.26"]
[SourceVersion "1"]
[SourceVersionDate "2008.11.26"]
[SourceQuality "1"]

1. d4 Nf6 2. c4 g6 3. Nc3 Bg7 4. e4 d6 5. f4 0-0 6. Nf3 c5 7. d5 b5 8. cxb5 a6 9. bxa6 Qa5 10. Bd2 Bxa6 11. Be2 Bxe2 12. Qxe2 Qa6 13. Qxa6 Rxa6 14. 0-0 Nbd7 15. e5 Ne8 16. Rfe1 Nb6 17. Rad1 Nc7 18. Bc1 1/2-1/2

[Event "Schleswig Holstein-ch U18 VM"]
[Site "Neumuenster"]
[Date "2008.03.27"]
[Round "5"]
[White "Wilms, Yannick Noel"]
[Black "Hasbach, Jonas"]
[Result "1/2-1/2"]
[WhiteElo "1630"]
[BlackElo "1473"]
[PlyCount "95"]
[EventDate "2008.03.24"]
[EventType "swiss"]
[EventRounds "9"]
[EventCountry "GER"]
[SourceTitle "EXT 2009"]
[Source "ChessBase"]
[SourceDate "2008.11.26"]
[SourceVersion "1"]
[SourceVersionDate "2008.11.26"]
[SourceQuality "1"]

1. d4 g6 2. c4 Bg7 3. Nc3 d6 4. e4 Nd7 5. f4 e5 6. fxe5 dxe5 7. d5 Ngf6 8. Nf3 Nc5 9. Qc2 Qe7 10. Be2 0-0 11. 0-0 a6 12. h3 Nh5 13. b4 Nd7 14. c5 f5 15. Bc4 Kh8 16. Bb2 f4 17. Rad1 Qd8 18. d6 c6 19. Na4 Re8 20. Bf7 Rf8 21. Bb3 Ng3 22. Rf2 g5 23. Rfd2 h5 24. Nb6 g4 25. Nxd7 Bxd7 26. Nxe5 gxh3 27. Ng6+ Kh7 28. Nxf8+ Bxf8 29. gxh3 Qg5 30. Rh2 Ne2+ 31. Kf1 f3 32. Rxe2 Bxh3+ 33. Ke1 Qg3+ 34. Kd2 fxe2 35. e5+ Kh6 36. Re1 Bf1 37. Qd3 h4 38. Qxg3 hxg3 39. Rxe2 Bxe2 40. Kxe2 Kg5 41. Kf3 Kh4 42. e6 Kh3 43. Be5 g2 44. Bd4 Bg7 45. Bg1 Bf6 46. e7 Bxe7 47. dxe7 Re8 48. Be6+ 1/2-1/2